| 000 | 00898nam a22002897a 4500 | ||
|---|---|---|---|
| 001 | 0054684 | ||
| 003 | KOHA_MİRAKIL | ||
| 005 | 20260207003953.0 | ||
| 007 | ta | ||
| 008 | 160114b2002 tu |||gr||||#0|||1|tur | | ||
| 020 | _a9754710139 | ||
| 040 |
_aTR-BiSEU _btur _cTR-BiSEU _erda |
||
| 041 | 0 |
_atur _aeng |
|
| 044 | _ctu | ||
| 050 |
_aPE1128 _b.K46 2002 |
||
| 245 | 0 |
_aKendi kendine İngilizce İlk adım/ _cHazırlayan Şevket Serdar Türet. |
|
| 264 | 1 |
_aİstanbul : _bAçıköğretim Kurumu Yayınları _c2002 |
|
| 300 |
_a270 sayfa ; _c24 cm. |
||
| 336 |
_ametin _btxt _2rdacontent |
||
| 337 |
_aaracısız _bn _2rdamedia |
||
| 338 |
_acilt _bnc _2rdacarrier |
||
| 500 | _aÇoçuklar için. | ||
| 650 | 0 |
_aİngiliz dili--Öğrenim ve öğretim--Yabancılar için. _929149 |
|
| 650 | 0 |
_aEnglish language--Study and teaching--Foreign speakers. _911598 |
|
| 907 | _aDil | ||
| 942 |
_2lcc _cBK |
||
| 999 |
_c54492 _d54492 |
||